00522nam a2200181Ia 4500001001000000003000500010008004100015010001100056040000900067082002000076100001800096245004000114260002500154300001000179440001900189500009000208650004200298Para_3715CHAP220125s1907 xx 000 0 und d a202295 cCHAP aPA-C 595.75 H45 aWebster, F. M aThe ching bug /c by F. M. Webster aWashington :b USDA a95 p. aUSDA Bull.; 69 aEncuadernado con: Catalogue of the Nearctic Hemíptera Heteróptera/by Nathan Banks aHemípteros Chinche de los cereales